Microsoft Office 2000 Βήμα προς Βήμα 8 σε 1

Αποθηκεύτηκε σε:
Λεπτομέρειες βιβλιογραφικής εγγραφής
Άλλοι συγγραφείς: Φιστουρής, Δημοσθένης Κ. (Επιμελητής έκδοσης)
Μορφή: Βιβλίο
Γλώσσα:Greek
English
Δημοσίευση: Αθήνα : Γκιούρδας, 2000.
Θέματα:
Ετικέτες: Προσθήκη ετικέτας
Δεν υπάρχουν, Καταχωρήστε ετικέτα πρώτοι!

MARC

LEADER 00000cam a2200000 i 4500
001 1/59341
008 020307s2000 gr | ||| |||| ||gre||
020 |a 9605202468 
035 |l 10000484 
040 |a GR-MyUA  |b gre  |e AACR2 
041 1 |a gre  |h eng 
082 0 |a 005.369 
245 1 0 |a Microsoft Office 2000 Βήμα προς Βήμα 8 σε 1 /   |c επιμέλεια έκδοσης Δημοσθένης Κ. Φιστουρής.  
260 |a Αθήνα :   |b Γκιούρδας,   |c 2000.  
300 |a xxviii, 943 σ. :   |b εικ. ;   |c 24 εκ.  
500 |a Τίτλος πρωτοτύπου: Microsoft Office 2000 8-in-1 step by step.  
504 |a Περιέχει ευρετήριο.  
630 0 0 |a Microsoft Office. 
630 0 0 |a Microsoft Word. 
630 0 0 |a Microsoft Excel (Computer file) 
630 0 0 |a Microsoft PowerPoint (Computer file) 
630 0 0 |a Microsoft Access. 
630 0 0 |a Microsoft Outlook. 
630 0 0 |a Microsoft Publisher. 
630 0 0 |a Microsoft Internet explorer. 
630 0 0 |a Microsoft FrontPage. 
650 0 0 |a Business  |x Computer programs. 
650 0 0 |a Word processing. 
650 0 0 |a Electronic spreadsheets. 
650 0 0 |a Business presentations  |x Graphic methods  |x Computer programs. 
650 0 0 |a Database management  |x Computer programs. 
650 0 0 |a Time management  |x Computer programms. 
650 0 0 |a Personal information management  |x Computer programs. 
650 0 0 |a Web sites  |x Design. 
650 0 0 |a Web publishing. 
650 0 0 |a Internet. 
650 0 0 |a World Wide Web. 
700 1 |a Φιστουρής, Δημοσθένης Κ.  |e edt 
852 |a INST  |b SAMOS  |e 20020307  |h 005.369 MIC  |p 005300020246  |q 005300020246  |t BK  |y 0 
852 |a INST  |b SAMOS  |e 20020307  |h 005.369 MIC  |p 005300020247  |q 005300020247  |t BK  |y 0 
852 |a INST  |b SAMOS  |e 20020307  |h 005.369 MIC  |p 005300020248  |q 005300020248  |t BK  |y 0 
852 |a INST  |b SAMOS  |e 20020307  |h 005.369 MIC  |p 005300020255  |q 005300020255  |t BK  |y 0 
852 |a INST  |b SAMOS  |e 20020307  |h 005.369 MIC  |p 005300020292  |q 005300020292  |t BK  |y 0 
901 |a BIBL3-2002-1 
909 |a Σ  |b 087308 
909 |a Σ  |b 087355 
909 |a Σ  |b 087354 
909 |a Σ  |b 087353 
909 |a Σ  |b 087346 
970 |a ΜΑΛΑΓΑΡΗ  |b ΦΩΤΕΙΝΗ  |z 2002/03/07